000 00909nam a2200289 4500
005 20260322212016.0
008 data
010 _a 73078381
020 _a0833100181
020 _a9780833100184
040 _aDLC
_cDLC
_dDLC
042 _alcac
043 _an-us---
050 0 0 _aHE2751
_b.E94
082 0 0 _a385/.0973
092 _a385 E94 1973
100 1 _aEverds, John.
245 1 4 _aThe spectacular trains;
_ba history of rail transportation.
_cJohn Everds.
260 _aNorthbrook, Ill.,
_bHubbard Press
_c[c1973]
300 _a64 p.
_billus.
_c29 cm.
520 _aA history of trains in the United States from the early steam locomotives to the turbotrains of the future.
650 0 _aRailroads
_zUnited States
_xJuvenile literature.
650 1 _aRailroads
_xHistory.
906 _a7
_bcbc
_corignew
_d2
_eopcn
_f19
_gy-gencatlg
991 _bc-GenColl
_hHE2751
_i.E94
_tCopy 1
_wBOOKS
001 data
999 _c342
_d342